000 00238 a2200097 4500
001 38547
100 _aSciavicco L
245 _aModeling & control of robot manipulador
260 _aSingapore
_bMcGraw Hill
_c1996
090 _c24451
_d24451
942 _aNUST-CAE
_cM
_c16060
999 _c273620
_d273620